00755nam a22002057a 4500003000500000008004100005040000800046041001300054082001200067110003900079245006100118250002800179260005500207300003500262336002700297337003300324338002900357505014500386650001800531BPGM260616e1999 mx co||g |||| 001 0 spa d bspa aspahspa042000/008 aGOBIERNO DEL ESTADO DE QUERÉTARO aEL HERALDO DE NAVIDAD 1999bTESTIMONIO DE LA TRADICIÓN aPRIMERA EDICIÓNb1999 aMÉXICObGOBIERNO DEL ESTADO DE QUERÉTAROc1999 a200 páginasb32 cm x 22.2 cm 2rdacontentatextobtxt 2rdamediaasin mediaciónbn 2rdacarrieravolumen bnc aincluye artículos sobre masonería, tradiciones del solsticio de invierno y reflexiones espirituales vinculadas con la época navideña 2GENERALIDADES